000 02151nam a2200385 c 4500
003 BLK
005 20221212161529.0
008 180409b bul|||||r ||||||| ||bul||
010 _aKNG00121429000
040 _aBLK
041 _aBUL
_cBUL
080 _aРазвиване на мисълта. Подвижни упражнения - Упражняване на вниманието и способността за различаване, наблюдаване на природата, гимнастика, ритмични упражнения, ръчна работа и др.
_b372.36
_x
_z372.36
080 _aМузика
_b78
_x(072)
_z78(072)
100 1 _aКатеринова, Елисавета Кирилова
_9314398
700 1 _aКоджаманова, Росица Стойчева
_eсъавт.
_9314399
139 _aКатеринова, Елисавета Кирилова и др.
_bК 46
245 1 0 _aМузикално възпитание в детската градина
_bМетод. ръководство за детските учителки и муз. ръководителки
_cЕлисавета Кирилова Катеринова; съавт. Росица Стойчева Коджаманова.
257 _aBGR
260 София
_bНар. просв.
_c1978
_fВ. Търново : Д. Найденов
300 _a184 с.
_bс табл., ноти
_c20 см
380 _a7
500 _aБиблиогр. с. 183.
650 4 _aМузикално възпитание - деца
_9288233
650 4 _aМузика - възприемане
_9306066
650 4 _aМузика - методика на преподаването - за детски градини
_9255061
653 _aмузикално възпитание
653 _aмузикална ритмика
653 _aдетски градини
653 _aдидактически игри
852 _aЦб 94273
856 4 _qpdf
_u
856 4 _qpdf
_u
942 _cKNG
_n0
944 _aCR
_c15.02.2011
_l / 14.02.2011
_kНаталия_Любомирова
944 _aED
_c26.02.2018
_l / 14.02.2011
_kМикаела_Микова-Илиев
999 _c115910
_d115910